Capital cities of Hungarian counties - Statistics

General Stats
  • This quiz has been taken 448 times
    442 since last reset
  • The average score is 13 of 19
Answer Stats
Name of the county Name of its capital city % Correct
Pest megye Budapest
98%
Győr-Moson-Sopron megye Győr
89%
Hajdú-Bihar Debrecen
84%
Veszprém megye Veszprém
83%
Baranya megye Pécs
79%
Borsod-Abaúj-Zemplén Miskolc
78%
Csongrád megye Szeged
77%
Fejér megye Székesfehérvár
72%
Jász-Nagykun-Szolnok megye Szolnok
71%
Szabolcs-Szatmár-Bereg Nyíregyháza
67%
Zala megye Zalaegerszeg
67%
Békés Békéscsaba
66%
Bács-Kiskun megye Kecskemét
66%
Heves megye Eger
64%
Komárom-Esztergom megye Tatabánya
61%
Vas megye Szombathely
57%
Tolna megye Szekszárd
53%
Somogy megye Kaposvár
50%
Nógrád megye Salgótarján
50%
No matching quizzes found
Score Distribution
Percent of People with Each Score
Percentile by Number Answered
Your Score History
You have not taken this quiz since the last reset